| 000 | 01344cab a2200241 4500 | ||
|---|---|---|---|
| 001 | ABS46640 | ||
| 008 | 090401t1992 xxu||||| |||| 00| 0 eng d | ||
| 035 | _a(Sirsi) u58970 | ||
| 041 | _aeng | ||
| 245 | _aBarrow-in-Furness Borough Council v SOS for the Environment and Russell | ||
| 260 | _c1992 | ||
| 350 | _a0 | ||
| 490 |
_aJournal of Planning and Environment Law _v(1992) JPL 665-667(3) |
||
| 520 | _aQBD 8 November 1991. An appeal was lodged against the refusal of the council to grant outline planning permission for a development of houses. The draft local plan excluded the appeal site from residential allocation. The local plan inspector dismissing the 1967 Development Plan recommendation which identified the site as suitable for residential purposes, as of historic significance only and approved its exclusion. The appeal Inspector however went against this and agreed to allow the site to be developed. The council appealed. The decision was quashed on the grounds that a report of a local plan inspector must be regarded where it is relevant. | ||
| 650 | _aBATH SOCIETY V SOS ENVIRONMENT | ||
| 650 | _aDEVELOPMENT PLANS | ||
| 650 | _aINSPECTORS | ||
| 650 | _aLOCAL DEVELOPMENT PLANS | ||
| 650 | _aOUTLINE PLANNING PERMISSION | ||
| 690 | _aPLANNING LAW AND PRACTICE-CASE LAW | ||
| 942 | _n0 | ||
| 948 | _c04/03/1997 | ||
| 999 |
_c36093 _d36093 |
||